| 000 | 00738cab a2200217 4500 | ||
|---|---|---|---|
| 001 | WB2421-25 | ||
| 008 | 090401t1988 xxu||||| |||| 00| 0 eng d | ||
| 035 | _a(Sirsi) u25436 | ||
| 041 | _aeng | ||
| 245 | _aRent review: terms of hypothetical lettings | ||
| 260 | _c1988 | ||
| 350 | _a0 | ||
| 490 |
_aEGCS _v(1988) 71 |
||
| 520 | _aIn Trusthouse Forte Albany Hotels Ltd v Daejan Investments Ltd , ChD 9 May 1988, the point at issue was the true construction of the rent review provisions in an underlease of premises in the Strand , London . | ||
| 650 | _aCONSTRUCTION OF CLAUSE | ||
| 650 | _aHYPOTHETICAL LEASE | ||
| 650 | _aSTRAND PALACE HOTEL | ||
| 690 | _aPROPERTY-LANDLORD AND TENANT | ||
| 942 | _n0 | ||
| 948 | _c04/03/1997 | ||
| 999 |
_c17081 _d17081 |
||